Quick Pick: NFL Star By Uniform Number Quiz Stats

Quiz Updated Dec 21, 2017

Challenge
Share
Tweet
Embed
Score 0/12 Timer 01:00
5 Plays Today
% Correct
18
81.6%
80
79.5%
4
76.8%
7
76.1%
56
72.8%
34
71.9%
8
70.1%
13
69.5%
00
61.9%
29
59.6%
44
58.6%
1
57%

Today's Daily Dose

Missing Word
1971 Movies A-Z

Word Ladder
Complete Tour

Quick Pick
Logo Colors

On This Day
January 19th

You're not logged in!

Compare scores with friends on all Sporcle quizzes.
Sign Up with Email
OR
Log In

You Might Also Like...

Show Comments

Extras

Top Quizzes Today


Score Distribution

Your Account Isn't Verified!

In order to create a playlist on Sporcle, you need to verify the email address you used during registration. Go to your Sporcle Settings to finish the process.